000 00770cab a2200193 4500
001 ABS40623
008 090401t1989 xxu||||| |||| 00| 0 eng d
035 _a(Sirsi) u25084
041 _aeng
100 _aCalder, M.
245 _aLandlord and Tenant Act 1954: a problem for small businesses
260 _c1989
350 _a0
490 _aEstates Gazette
_v(8914) 8 April 1989, 62-65(2)
520 _aReviews the effect of Landlord and Tenant Act 1954 Part II and its amending legislation Law of Property Act 1969 on the relationship between landlords and tenants claiming that the legislation discourages the provision of easily rentable small unit commercial space .
690 _aLANDLORD AND TENANT-BUSINESS TENANCIES
942 _n0
948 _c04/03/1997
999 _c16824
_d16824